| 000 | 00402nam a2200145Ia 4500 | ||
|---|---|---|---|
| 008 | 220204s9999 xx 000 0 und d | ||
| 082 |
_a633 _bDEN |
||
| 245 | 0 | _aMolecular approaches to crop improvement | |
| 260 |
_aNew York _bSpringer Verlag _c1991 |
||
| 650 | _aGenetic engineering | ||
| 650 | _aPigment biosynthesis | ||
| 650 | _aProtease inhibitor genes | ||
| 700 | _aLlewellyn, E S | ||
| 942 | _cBK | ||
| 999 |
_c40275 _d40275 |
||